Pembangunan modal insan : misi 2057 berteraskan Islam dan konvensional

Bibliographic Details
Main Author: Mustafa Dakian
Format: Book
Published: KL : Utusan Pub. & Dist , 2009
Series:Siri pengurusan dan pentadbiran utusan
Subjects:

MARC

LEADER 00000cam a2200000 7i4500
001 0000035314
005 20130205.0
008 130205
020 |a 9676121981 
090 0 0 |a 658.3   |b MUS 
100 0 |a Mustafa Dakian 
245 1 0 |a Pembangunan modal insan :   |b misi 2057 berteraskan Islam dan konvensional   |c Mustafa Dakian 
260 |a KL :   |b Utusan Pub. & Dist ,   |c 2009 
440 |a Siri pengurusan dan pentadbiran utusan 
650 0 |a Human capital 
650 0 |a Human capital   |x Management 
999 |a 0001142764   |b Book   |c Adult Collection   |e Perbadanan Perpustakaan Awam Johor 
999 |a 0001142765   |b Book   |c Adult Collection   |e Cawangan Urban Transformation Centre